书目信息 |
| 题名: |
医患沟通实训指导
|
|
| 作者: | 戴维斯 著 ;柳艳松 译 | |
| 分册: | ||
| 出版信息: | 北京 中国轻工业出版社 2016 |
|
| 页数: | 10,340页 | |
| 开本: | 24cm | |
| 丛书名: | ||
| 单 册: | ||
| 中图分类: | R192 | |
| 科图分类: | ||
| 主题词: | 医院--人间关系--培训 | |
| 电子资源: | ||
| ISBN: | 978-7-5184-0789-7 | |
| 000 | 00997nam0 2200241 450 | |
| 001 | 98 | |
| 005 | 20180519104337.36 | |
| 010 | @a978-7-5184-0789-7@dCNY68.00 | |
| 100 | @a20160313d2016 em y0chiy50 ea | |
| 101 | 1 | @achi@ceng |
| 102 | @aCN@b110000 | |
| 105 | @ay z 000yy | |
| 200 | 1 | @a医患沟通实训指导@9yi huan gou tong shi xun zhi dao@b专著@dPatient practitioner interaction@ean experiential manual for developing the art of health care@f(美)Carol M. Davis著@g柳艳松等译@zeng |
| 210 | @a北京@c中国轻工业出版社@d2016 | |
| 215 | @a10,340页@d24cm | |
| 330 | @a本书介绍了医疗卫生领域工作人员在临床诊断、预后评估以及治疗的过程中与患者交流的各种实用技巧。 | |
| 510 | 1 | @aPatient practitioner interaction@ean experiential manual for developing the art of health care@zeng |
| 606 | 0 | @a医院@x人间关系@x培训 |
| 690 | @aR192@v5 | |
| 701 | 0 | @c(美)@a戴维斯@9dai wei si@c(Davis, Carol M.)@4著 |
| 702 | 0 | @a柳艳松@9liu yan song@4译 |
| 801 | 0 | @aCN@b91MARC@c20160516 |
| 905 | @aMuseLib@dR192@e246 | |
| 医患沟通实训指导=Patient practitioner interaction:an experiential manual for developing the art of health care/(美)Carol M. Davis著/柳艳松等译.-北京:中国轻工业出版社,2016 |
| 10,340页;24cm |
| ISBN 978-7-5184-0789-7:CNY68.00 |
| 本书介绍了医疗卫生领域工作人员在临床诊断、预后评估以及治疗的过程中与患者交流的各种实用技巧。 |
| ● |
| 相关链接 |
|
|
|
|
正题名:医患沟通实训指导
索取号:R192/246
 
预约/预借
| 序号 | 登录号 | 条形码 | 馆藏地/架位号 | 状态 | 备注 |
| 1 | 1100514 | 211005142 | 第二样本阅览室/ [索取号:R192/246] | 在馆 | |
| 2 | 1100515 | 211005151 | 教育系资料室/ [索取号:R192/246] | 在馆 | |
| 3 | 1100516 | 211005160 | 教育系资料室/ [索取号:R192/246] | 在馆 | |
| 4 | 1100517 | 211005179 | 教育系资料室/ [索取号:R192/246] | 在馆 | |
| 5 | 1100518 | 211005188 | 第三借阅区/ [索取号:R192/246] | 在馆 | |
| 6 | 1100519 | 211005197 | 第三借阅区/ [索取号:R192/246] | 在馆 |